[Event "Yinzhou Cup CHN-USA Rapid"]
[Site "Ningbo CHN"]
[Date "2013.07.26"]
[Round "8.1"]
[White "Robson, Ray"]
[Black "Wen, Yang"]
[Result "0-1"]
[WhiteTitle "GM"]
[BlackTitle "GM"]
[WhiteElo "2628"]
[BlackElo "2593"]
[WhiteTeam "USA"]
[BlackTeam "CHN"]
[WhiteFideId "2023970"]
[BlackFideId "8602956"]
[EventDate "2013.07.25"]

1. e4 c5 2. Nf3 Nc6 3. d4 cxd4 4. Nxd4 e5 5. Nb5 a6 6. Nd6+ Bxd6 7. Qxd6 Qe7 8.
Qd1 Nf6 9. Nc3 d6 10. Bg5 Be6 11. Nd5 Bxd5 12. exd5 Nb8 13. a4 h6 14. Be3 O-O
15. a5 Nh7 16. Be2 f5 17. f4 Nd7 18. O-O Rac8 19. c4 Nhf6 20. Rc1 exf4 21. Bxf4
g5 22. Bd2 Ne4 23. Bb4 Qe5 24. Ba3 Ndf6 25. Qd3 h5 26. b4 Ng4 27. Bxg4 hxg4 28.
c5 g3 29. hxg3 Rc7 30. Rc2 Rh7 31. Re1 Qh8 32. Kf1 Rh1+ 33. Ke2 Re8 34. Rcc1
Nxc5+ 35. Kd2 Rexe1 36. bxc5 Rxc1 37. Bxc1 Qa1 0-1

[Event "Yinzhou Cup CHN-USA Rapid"]
[Site "Ningbo CHN"]
[Date "2013.07.26"]
[Round "8.2"]
[Board "2"]
[White "Shankland, Samuel L"]
[Black "Zhou, Weiqi"]
[Result "1-0"]
[WhiteTitle "GM"]
[BlackTitle "GM"]
[WhiteElo "2599"]
[BlackElo "2616"]
[WhiteTeam "USA"]
[BlackTeam "CHN"]
[WhiteFideId "2004887"]
[BlackFideId "8601674"]
[EventDate "2013.07.25"]

1. d4 Nf6 2. c4 g6 3. Nc3 Bg7 4. e4 d6 5. Nf3 O-O 6. Be2 e5 7. Be3 exd4 8. Nxd4
Re8 9. f3 c6 10. O-O d5 11. cxd5 Nxd5 12. Nxd5 cxd5 13. Rc1 Nc6 14. Nxc6 bxc6
15. Rxc6 Bb7 16. Rc1 dxe4 17. Qxd8 Rexd8 18. f4 a5 19. b3 a4 20. b4 Bd5 21. Rc2
a3 22. Rd1 Bb2 23. Rcd2 1-0

[Event "Yinzhou Cup CHN-USA Rapid"]
[Site "Ningbo CHN"]
[Date "2013.07.26"]
[Round "8.4"]
[Board "4"]
[White "Lu, Shanglei"]
[Black "Lenderman, Aleksandr"]
[Result "1-0"]
[WhiteTitle "GM"]
[BlackTitle "GM"]
[WhiteElo "2536"]
[BlackElo "2548"]
[WhiteTeam "CHN"]
[BlackTeam "USA"]
[WhiteFideId "8603332"]
[BlackFideId "2021285"]
[EventDate "2013.07.25"]

1. e4 c6 2. Nc3 d5 3. Qe2 d4 4. Nd1 e5 5. g3 c5 6. Bg2 Nc6 7. d3 Bd6 8. f4 Qc7
9. Nf3 exf4 10. e5 Be7 11. Bxf4 Be6 12. O-O h6 13. h4 g5 14. hxg5 hxg5 15. Nxg5
Bxg5 16. Bxg5 Nge7 17. Nf2 O-O-O 18. Ne4 Rdg8 19. Bf6 Rh6 20. c4 Nxe5 21. Nd6+
Qxd6 22. Bxe5 Qd7 23. Bf4 Rhg6 24. Qe5 Nc6 25. Qxc5 Rxg3 26. Bxg3 Rxg3 27. Qf8+
Kc7 28. Rf3 Rg5 29. Re1 Qd6 30. Qh6 Qc5 31. b4 Qxb4 32. Rxe6 Rxg2+ 33. Kxg2 fxe6
34. Qxe6 Qd2+ 35. Kh3 Qg5 36. Rf5 Qg1 37. Qf7+ Kb6 38. Rb5+ 1-0

[Event "Yinzhou Cup CHN-USA Rapid"]
[Site "Ningbo CHN"]
[Date "2013.07.26"]
[Round "8.1"]
[Board "6"]
[White "Abrahamyan, Tatev"]
[Black "Guo, Qi"]
[Result "1-0"]
[WhiteTitle "WGM"]
[BlackTitle "WGM"]
[WhiteElo "2316"]
[BlackElo "2446"]
[WhiteTeam "USA"]
[BlackTeam "CHN"]
[WhiteFideId "13301918"]
[BlackFideId "8604002"]
[EventDate "2013.07.25"]

1. e4 c6 2. d4 d5 3. Nc3 dxe4 4. Nxe4 Nd7 5. Bd3 Ngf6 6. Ng5 e6 7. N1f3 Bd6 8.
Qe2 h6 9. Ne4 Nxe4 10. Qxe4 Qc7 11. O-O b6 12. c4 Bb7 13. Qg4 Kf8 14. b3 Nf6 15.
Qh3 c5 16. Bb2 Rd8 17. d5 Be7 18. Rae1 exd5 19. Ne5 Bc8 20. Qg3 Bd6 21. cxd5 h5
22. Bc4 Re8 23. f4 h4 24. Qf3 a6 25. a4 Kg8 26. Nc6 Rxe1 27. Rxe1 Bg4 28. Qd3
Bxf4 29. Be5 Bxe5 30. Nxe5 Qc8 31. d6 Be6 32. d7 Qd8 33. Bxe6 fxe6 34. Qd6 Rh5
35. Qxe6+ Kh7 36. Rd1 1-0

[Event "Yinzhou Cup CHN-USA Rapid"]
[Site "Ningbo CHN"]
[Date "2013.07.26"]
[Round "8.2"]
[Board "7"]
[White "Foisor, Sabina-Francesca"]
[Black "Tan, Zhongyi"]
[Result "0-1"]
[WhiteTitle "WGM"]
[BlackTitle "WGM"]
[WhiteElo "2281"]
[BlackElo "2478"]
[WhiteTeam "USA"]
[BlackTeam "CHN"]
[WhiteFideId "1212915"]
[BlackFideId "8603642"]
[EventDate "2013.07.25"]

1. d4 d5 2. c4 e6 3. Nc3 Bb4 4. Nf3 Nf6 5. Bg5 Nbd7 6. e3 c5 7. cxd5 exd5 8. Bd3
c4 9. Bc2 Qa5 10. O-O Bxc3 11. bxc3 Qxc3 12. Rc1 Qa5 13. Ne5 O-O 14. Nxd7 Nxd7
15. f4 f5 16. g4 Nb6 17. Rf2 Qa3 18. Qe1 Bd7 19. Bb1 Rae8 20. Rc3 Qa5 21. Qc1
Na4 22. Rcc2 fxg4 23. Rce2 Nc3 24. Rb2 Nxb1 25. Rxb1 b6 26. Qe1 Qa3 27. Re2 Bf5
28. Rc1 Re6 29. Qc3 Qxc3 30. Rxc3 Bd3 31. Re1 b5 32. Ra3 a6 33. Ra5 Rb8 34. a3
c3 35. Kf2 c2 36. Rc1 Rbe8 37. f5 Bxf5 38. Ke2 Re4 39. Kd2 R4e6 40. Bf4 Be4 41.
Rg1 Rc8 42. Be5 Rec6 43. Rc1 g5 44. Ke2 h5 45. Bg3 Kf7 46. Be1 h4 47. a4 bxa4
48. Rxa4 g3 49. h3 Rb8 50. Rb4 g2 51. Rxb8 g1=Q 52. Rf8+ Kg7 53. Rf1 Bd3+ 54.
Kxd3 Qxf1+ 55. Kd2 Qxh3 0-1

[Event "Yinzhou Cup CHN-USA Rapid"]
[Site "Ningbo CHN"]
[Date "2013.07.26"]
[Round "8.3"]
[Board "8"]
[White "Ju, Wenjun"]
[Black "Zenyuk, Iryna"]
[Result "1-0"]
[WhiteTitle "WGM"]
[BlackTitle "CM"]
[WhiteElo "2531"]
[BlackElo "2250"]
[WhiteTeam "CHN"]
[BlackTeam "USA"]
[WhiteFideId "8603006"]
[BlackFideId "2022966"]
[EventDate "2013.07.25"]

1. Nf3 Nf6 2. c4 g6 3. Nc3 Bg7 4. d4 O-O 5. e4 d6 6. Be2 e5 7. O-O Nc6 8. d5 Ne7
9. Nd2 Ne8 10. b4 f5 11. c5 Nf6 12. a4 fxe4 13. Ndxe4 Nxe4 14. Nxe4 Bf5 15. f3
Kh8 16. cxd6 cxd6 17. Bg5 Qb6+ 18. Kh1 Ng8 19. Qd2 Bxe4 20. fxe4 Qd4 21. Bf3
Qxd2 22. Bxd2 Bh6 23. Bxh6 Nxh6 24. Rfc1 Rac8 25. a5 a6 26. Kg1 Kg7 27. h4 Kf6
28. Kf2 Ke7 29. Ke3 Kd7 30. Be2 Rxc1 31. Rxc1 Rc8 32. Rxc8 Kxc8 33. g3 Kc7 34.
Kf3 Nf7 35. Bf1 b5 36. Bh3 h6 37. Be6 Nd8 38. Bg8 Kd7 39. Bh7 g5 40. Bf5+ Kc7
41. hxg5 hxg5 42. Kg4 Nf7 43. Be6 Nd8 44. Kxg5 Nb7 45. Kf6 Nxa5 46. bxa5 b4 47.
Bg4 1-0

[Event "Yinzhou Cup CHN-USA Rapid"]
[Site "Ningbo CHN"]
[Date "2013.07.26"]
[Round "8.5"]
[Board "10"]
[White "Ding, Yixin"]
[Black "Ni, Viktorija"]
[Result "1/2-1/2"]
[WhiteTitle "WGM"]
[BlackTitle "WIM"]
[WhiteElo "2432"]
[BlackElo "2173"]
[WhiteTeam "CHN"]
[BlackTeam "USA"]
[WhiteFideId "8602972"]
[BlackFideId "11602252"]
[EventDate "2013.07.25"]

1. e4 c5 2. Nf3 e6 3. d4 cxd4 4. Nxd4 a6 5. Be2 Nf6 6. Nc3 Qc7 7. Be3 Bb4 8. O-O
Bxc3 9. bxc3 Nxe4 10. Bd3 Nf6 11. Qf3 d6 12. Bh6 O-O 13. Qg3 Ne8 14. Rae1 Nc6
15. Nf5 f6 16. Nh4 f5 17. f4 Nd8 18. Bg5 Nf7 19. Nf3 Qxc3 20. Be7 Bd7 21. Bxf8
Kxf8 22. Qh4 h6 23. Qf2 Nf6 24. h3 e5 25. fxe5 dxe5 26. Nh4 e4 27. Ng6+ Kg8 28.
Ne7+ Kf8 29. Ng6+ Kg8 30. Ne7+ Kf8 31. Ng6+ Kg8 32. Ne7+ Kf8 33. Ng6+ Kg8 34.
Ne7+ Kf8 35. Ng6+ 1/2-1/2

[Event "Yinzhou Cup CHN-USA Rapid"]
[Site "Ningbo CHN"]
[Date "2013.07.27"]
[Round "9.1"]
[White "Robson, Ray"]
[Black "Xiu, Deshun"]
[Result "0-1"]
[WhiteTitle "GM"]
[BlackTitle "GM"]
[WhiteElo "2628"]
[BlackElo "2556"]
[WhiteTeam "USA"]
[BlackTeam "CHN"]
[WhiteFideId "2023970"]
[BlackFideId "8603693"]
[EventDate "2013.07.25"]

1. e4 e5 2. Nf3 Nc6 3. d4 exd4 4. Nxd4 Nf6 5. Nxc6 bxc6 6. e5 Qe7 7. Qe2 Nd5 8.
c4 Nb6 9. Nd2 d5 10. Qe3 g6 11. f4 Bg7 12. c5 Nd7 13. Nb3 f6 14. e6 Nf8 15. f5
gxf5 16. Nd4 f4 17. Qf2 Qxc5 18. Be2 Nxe6 19. Bh5+ Ke7 20. Nf5+ Kf8 21. O-O
Qxf2+ 22. Rxf2 Nc5 23. Nxg7 Kxg7 24. Bxf4 Nd3 25. Rf3 Nxf4 26. Rxf4 f5 27. Re1
Kf6 28. h4 Rb8 29. Rf2 Rb4 30. g4 h6 31. Kh2 Rg8 32. Kg3 Bd7 33. a3 Rd4 34. Ref1
c5 35. Rxf5+ Bxf5 36. Rxf5+ Ke7 37. Rf7+ Ke6 38. Rxc7 Rd3+ 39. Kf2 Rb8 40. Ke2
c4 41. b4 Rxa3 42. g5 hxg5 43. hxg5 Rxb4 44. g6 Rb2+ 45. Ke1 Ra1+ 46. Bd1 Rg2
47. g7 Rg1+ 48. Ke2 Raxd1 49. g8=Q+ Rxg8 50. Kxd1 Ke5 51. Rxa7 Rg2 52. Rh7 c3
53. Kc1 d4 54. Re7+ Kd5 55. Rd7+ Ke5 0-1

[Event "Yinzhou Cup CHN-USA Rapid"]
[Site "Ningbo CHN"]
[Date "2013.07.27"]
[Round "9.3"]
[White "Kaidanov, Gregory S"]
[Black "Lu, Shanglei"]
[Result "1/2-1/2"]
[WhiteTitle "GM"]
[BlackTitle "GM"]
[WhiteElo "2577"]
[BlackElo "2536"]
[WhiteTeam "USA"]
[BlackTeam "CHN"]
[WhiteFideId "2008564"]
[BlackFideId "8603332"]
[EventDate "2013.07.25"]

1. d4 d5 2. c4 c6 3. Nf3 Nf6 4. cxd5 cxd5 5. Nc3 Nc6 6. Bf4 Bf5 7. e3 e6 8. Ne5
Bd6 9. Bb5 O-O 10. Bxc6 bxc6 11. O-O Qc7 12. Rc1 Qb7 13. Na4 Rfc8 14. Qb3 Qxb3
15. axb3 Bxe5 16. Bxe5 Nd7 17. Rc3 Nxe5 18. dxe5 Rab8 19. f3 f6 20. exf6 gxf6
21. Nc5 Kf7 22. Ra1 Ra8 23. Nb7 Rc7 24. Nd6+ Ke7 25. Nb5 Rb7 26. Nd4 Bg6 27.
Nxc6+ Kd7 28. Rac1 a5 29. Ra1 Ra6 30. Nd4 e5 31. Ne2 Rd6 32. Ra4 Rb4 33. Rxa5 d4
34. exd4 exd4 35. Rc4 Rxc4 36. bxc4 d3 37. Nc3 d2 38. Ra1 Bc2 39. Kf2 d1=Q 40.
Nxd1 Rxd1 41. Rxd1+ Bxd1 42. Ke3 Bb3 43. Kd4 Kc6 44. Kc3 Bd1 45. Kd2 Bb3 46. Kc3
Bd1 47. Kd2 Bb3 48. Kc3 Bd1 49. b4 Be2 50. f4 h5 51. Kd4 Bf1 52. g3 Bg2 53. Kc3
Bf1 54. Kd4 Bg2 55. Kc3 Bf1 1/2-1/2

[Event "Yinzhou Cup CHN-USA Rapid"]
[Site "Ningbo CHN"]
[Date "2013.07.27"]
[Round "9.1"]
[White "Abrahamyan, Tatev"]
[Black "Ding, Yixin"]
[Result "1/2-1/2"]
[WhiteTitle "WGM"]
[BlackTitle "WGM"]
[WhiteElo "2316"]
[BlackElo "2432"]
[WhiteTeam "USA"]
[BlackTeam "CHN"]
[WhiteFideId "13301918"]
[BlackFideId "8602972"]
[EventDate "2013.07.25"]

1. e4 c5 2. Nf3 d6 3. d4 cxd4 4. Nxd4 Nf6 5. Nc3 a6 6. h3 e6 7. g4 Be7 8. g5
Nfd7 9. h4 Nc6 10. Be3 Qc7 11. Qd2 b5 12. Nxc6 Qxc6 13. a3 Rb8 14. f4 a5 15. Bg2
b4 16. axb4 axb4 17. Ne2 Nc5 18. Ng3 Qb5 19. b3 Bb7 20. Qe2 Qxe2+ 21. Kxe2 f5
22. gxf6 gxf6 23. Rhg1 Rg8 24. Bf3 Kd7 25. Ra7 Kc7 26. Bf2 Ra8 27. Rxa8 Bxa8 28.
Rc1 Bc6 29. Ke3 f5 30. exf5 Bxh4 31. Bxc6 Kxc6 32. Kf3 Bxg3 33. Bxg3 exf5 34.
Be1 Rb8 35. Ra1 Ne6 36. Bf2 Kb5 37. Ra7 Rc8 38. Rb7+ Ka5 39. Ra7+ Kb5 40. Rb7+
Ka5 41. Ra7+ Kb5 42. Rb7+ Ka5 1/2-1/2

[Event "Yinzhou Cup CHN-USA Rapid"]
[Site "Ningbo CHN"]
[Date "2013.07.27"]
[Round "9.2"]
[White "Guo, Qi"]
[Black "Foisor, Sabina-Francesca"]
[Result "1-0"]
[WhiteTitle "WGM"]
[BlackTitle "WGM"]
[WhiteElo "2446"]
[BlackElo "2281"]
[WhiteTeam "CHN"]
[BlackTeam "USA"]
[WhiteFideId "8604002"]
[BlackFideId "1212915"]
[EventDate "2013.07.25"]

1. d4 d5 2. Nf3 Nf6 3. c4 c6 4. Nc3 a6 5. c5 Bf5 6. Qb3 Ra7 7. Bf4 Nbd7 8. h3 g6
9. e3 Bg7 10. Be2 O-O 11. O-O Ne4 12. Bh2 Re8 13. g4 Be6 14. Qc2 f5 15. Nd2 Bf7
16. f3 Nxd2 17. Qxd2 e5 18. Kh1 Qh4 19. Kg2 f4 20. exf4 exd4 21. Na4 Raa8 22.
Bd3 Qf6 23. Rae1 Bf8 24. g5 Qg7 25. b4 a5 26. f5 Rxe1 27. Rxe1 axb4 28. f6 Nxf6
29. gxf6 Qxf6 30. Be5 Qh4 31. Bg3 Qd8 32. Bc2 Bg7 33. Qxb4 Qa5 34. Rb1 d3 35.
Bd1 d4 36. Qxa5 Rxa5 37. Rxb7 Bxa2 38. Bf4 Ra8 39. Bd2 Be5 40. f4 Rb8 41. Rxb8+
Bxb8 42. Nb2 Bb1 43. Bb3+ Kg7 44. Bc4 Ba7 45. Bxd3 Ba2 46. Bb4 Bd5+ 47. Kg3 Kf6
48. Nc4 Bb8 49. Nd6 h6 50. h4 Kg7 51. Ba3 Kf6 52. Bb2 Bxd6 53. Bxd4+ Ke6 54.
cxd6 Kxd6 55. Bxg6 c5 56. Be5+ Ke6 57. Kg4 Bb3 58. Kh5 Bd1+ 59. Kxh6 Kd5 60. h5
c4 61. Kg5 Be2 62. h6 Bd3 63. h7 1-0

[Event "Yinzhou Cup CHN-USA Rapid"]
[Site "Ningbo CHN"]
[Date "2013.07.27"]
[Round "9.4"]
[White "Melekhina, Alisa"]
[Black "Ju, Wenjun"]
[Result "1/2-1/2"]
[WhiteTitle "FM"]
[BlackTitle "WGM"]
[WhiteElo "2216"]
[BlackElo "2531"]
[WhiteTeam "USA"]
[BlackTeam "CHN"]
[WhiteFideId "2022613"]
[BlackFideId "8603006"]
[EventDate "2013.07.25"]

1. e4 d6 2. g3 c5 3. Bg2 g6 4. Ne2 Bg7 5. O-O Nc6 6. c3 e5 7. d3 Nge7 8. Be3 O-O
9. Qd2 f5 10. Bh6 Be6 11. Bxg7 Kxg7 12. f4 Qd7 13. Na3 d5 14. exf5 Nxf5 15. fxe5
Nxe5 16. d4 Ng4 17. dxc5 Nge3 18. Rf2 Rae8 19. Nd4 Nxg2 20. Rxg2 Nxd4 21. Qxd4+
Kg8 22. Rd2 Rf7 23. Nc2 Bh3 24. Ne3 Re4 25. Qxe4 dxe4 26. Rxd7 Rxd7 27. Rd1 Rc7
28. b4 h5 29. Rd4 Re7 30. b5 Rc7 31. Rc4 Be6 32. Rxe4 Kf7 33. Ra4 Rxc5 34. Rxa7
Rxb5 35. a4 Rb2 36. a5 Kf6 37. a6 bxa6 38. Rxa6 1/2-1/2

[Event "Yinzhou Cup CHN-USA Rapid"]
[Site "Ningbo CHN"]
[Date "2013.07.27"]
[Round "9.5"]
[White "Tan, Zhongyi"]
[Black "Ni, Viktorija"]
[Result "1-0"]
[WhiteTitle "WGM"]
[BlackTitle "WIM"]
[WhiteElo "2478"]
[BlackElo "2173"]
[WhiteTeam "CHN"]
[BlackTeam "USA"]
[WhiteFideId "8603642"]
[BlackFideId "11602252"]
[EventDate "2013.07.25"]

1. d4 Nf6 2. c4 g6 3. Nf3 Bg7 4. Nc3 O-O 5. Bg5 c5 6. e3 cxd4 7. Nxd4 Qa5 8. Bh4
Nc6 9. Qd2 d6 10. Be2 h6 11. O-O g5 12. Bg3 Nxd4 13. exd4 d5 14. c5 b6 15. c6
Bf5 16. a3 Ne4 17. Nxe4 Bxe4 18. Qxa5 bxa5 19. Rfd1 Bc2 20. Rd2 Ba4 21. Rc1 Rfc8
22. c7 a6 23. Rc5 f5 24. Rxa5 f4 25. Rxa4 fxg3 26. hxg3 Rxc7 27. Rxa6 Rc1+ 28.
Kh2 Rac8 29. Bf3 Rd8 30. Ra8 Rxa8 31. Bxd5+ e6 32. Bxa8 Rc8 33. Bf3 Rd8 34. d5
Rb8 35. dxe6 Bxb2 36. a4 1-0

[Event "Yinzhou Cup CHN-USA Rapid"]
[Site "Ningbo CHN"]
[Date "2013.07.27"]
[Round "10.1"]
[White "Lu, Shanglei"]
[Black "Robson, Ray"]
[Result "1-0"]
[WhiteTitle "GM"]
[BlackTitle "GM"]
[WhiteElo "2536"]
[BlackElo "2628"]
[WhiteTeam "CHN"]
[BlackTeam "USA"]
[WhiteFideId "8603332"]
[BlackFideId "2023970"]
[EventDate "2013.07.25"]

1. e4 c5 2. Nf3 Nf6 3. Nc3 e6 4. d4 cxd4 5. Nxd4 d6 6. g4 h6 7. h4 e5 8. Bb5+
Bd7 9. Bxd7+ Qxd7 10. Nf5 Nc6 11. f3 g6 12. Nxh6 Bxh6 13. Bxh6 Nxg4 14. fxg4
Rxh6 15. g5 Rh8 16. Nd5 O-O-O 17. c3 Ne7 18. Nf6 Qb5 19. Qb3 Qxb3 20. axb3 a6
21. O-O-O Kc7 22. b4 Kc6 23. Rh3 d5 24. exd5+ Kc7 25. Re3 Nf5 26. Rxe5 Rxh4 27.
Ne8+ Kd7 28. Nf6+ Kd6 29. Re2 b6 30. Kc2 Rc8 31. Ne4+ Kd7 32. d6 Kc6 33. d7 Rd8
34. Nf6 Nd6 35. Rde1 Rhh8 36. Re8 Rh2+ 37. Kb3 Rxd7 38. Nxd7 Nxe8 39. Nb8+ Kb7
40. Rxe8 Rd2 41. c4 Rd3+ 42. Kc2 Rd4 43. Kc3 Rg4 44. Nd7 Rxg5 45. Re7 Rg3+ 46.
Kd4 f5 47. Ne5+ Kc8 48. Rg7 g5 49. Nf7 f4 50. Kd5 Rd3+ 51. Kc6 Kb8 52. Nd6 f3
53. Rb7+ Ka8 54. Nc8 1-0

[Event "Yinzhou Cup CHN-USA Rapid"]
[Site "Ningbo CHN"]
[Date "2013.07.27"]
[Round "10.2"]
[White "Xiu, Deshun"]
[Black "Shankland, Samuel L"]
[Result "1/2-1/2"]
[WhiteTitle "GM"]
[BlackTitle "GM"]
[WhiteElo "2556"]
[BlackElo "2599"]
[WhiteTeam "CHN"]
[BlackTeam "USA"]
[WhiteFideId "8603693"]
[BlackFideId "2004887"]
[EventDate "2013.07.25"]

1. Nf3 d5 2. d4 Nf6 3. c4 c6 4. Nc3 dxc4 5. a4 Bf5 6. Ne5 e6 7. f3 Bb4 8. Nxc4
O-O 9. Kf2 c5 10. e4 Bxc3 11. bxc3 Bxe4 12. fxe4 Nxe4+ 13. Kg1 Nxc3 14. Qe1 cxd4
15. Ba3 Nc6 16. h4 Qd5 17. Bxf8 Rxf8 18. Rh3 Rd8 19. Kh1 h6 20. Nd2 Ne5 21. Qg3
h5 22. Qg5 Ng4 23. Qxd5 Rxd5 24. Kg1 e5 25. Bc4 Rd7 26. Bb3 g6 27. Re1 Kg7 28.
Rd3 f5 29. Nf3 Ne4 30. Rdd1 Kf6 31. Rc1 d3 32. Rc8 Ng3 33. Rf8+ Kg7 34. Rg8+ Kf6
35. Rf8+ Kg7 36. Rg8+ Kf6 37. Rf8+ Kg7 1/2-1/2

[Event "Yinzhou Cup CHN-USA Rapid"]
[Site "Ningbo CHN"]
[Date "2013.07.27"]
[Round "10.3"]
[White "Kaidanov, Gregory S"]
[Black "Zhou, Weiqi"]
[Result "0-1"]
[WhiteTitle "GM"]
[BlackTitle "GM"]
[WhiteElo "2577"]
[BlackElo "2616"]
[WhiteTeam "USA"]
[BlackTeam "CHN"]
[WhiteFideId "2008564"]
[BlackFideId "8601674"]
[EventDate "2013.07.25"]

1. d4 f5 2. c4 Nf6 3. Nc3 g6 4. h4 d6 5. h5 Nxh5 6. Rxh5 gxh5 7. e4 Be6 8. d5
Bf7 9. exf5 Qd7 10. Bd3 Na6 11. Be3 Bg7 12. Nf3 Nc5 13. Bc2 c6 14. Ng5 O-O 15.
Nxf7 Rxf7 16. Qxh5 b5 17. O-O-O bxc4 18. f6 Bxf6 19. Bf5 Qc7 20. Bxc5 dxc5 21.
d6 exd6 22. Ne4 d5 23. Bxh7+ Kf8 24. Nxf6 Qf4+ 25. Kb1 Qxf6 26. Bg6 Rb8 27. Rd2
Rfb7 28. b3 cxb3 29. a3 Kg8 30. Bf5 c4 31. Re2 c3 32. Be6+ Kf8 33. Re5 c2+ 34.
Kb2 Rh7 35. Qe2 Rh1 0-1

[Event "Yinzhou Cup CHN-USA Rapid"]
[Site "Ningbo CHN"]
[Date "2013.07.27"]
[Round "10.4"]
[White "Wen, Yang"]
[Black "Lenderman, Aleksandr"]
[Result "1/2-1/2"]
[WhiteTitle "GM"]
[BlackTitle "GM"]
[WhiteElo "2593"]
[BlackElo "2548"]
[WhiteTeam "CHN"]
[BlackTeam "USA"]
[WhiteFideId "8602956"]
[BlackFideId "2021285"]
[EventDate "2013.07.25"]

1. d4 Nf6 2. c4 e6 3. Nc3 Bb4 4. Qc2 d5 5. a3 Bxc3+ 6. Qxc3 Ne4 7. Qc2 c5 8.
dxc5 Nc6 9. e3 Qa5+ 10. Bd2 Nxd2 11. Qxd2 dxc4 12. Bxc4 Qxc5 13. Rc1 Qg5 14. f4
Qh4+ 15. Qf2 Qxf2+ 16. Kxf2 Bd7 17. Nf3 Ke7 18. Rhd1 Rac8 19. Ba2 Rhd8 20. Rc3
Na5 21. Rdc1 Rxc3 22. Rxc3 Rc8 23. Rxc8 Bxc8 24. e4 Bd7 25. Nd4 Nc6 26. Ke3 f6
27. Nxc6+ Bxc6 28. Kd4 Kd6 29. e5+ fxe5+ 30. fxe5+ Ke7 31. g3 h6 32. h4 b6 33.
b4 Bb5 34. Bb3 Bc6 35. Ba2 Bb5 1/2-1/2

[Event "Yinzhou Cup CHN-USA Rapid"]
[Site "Ningbo CHN"]
[Date "2013.07.27"]
[Round "10.1"]
[White "Wang, Jue"]
[Black "Abrahamyan, Tatev"]
[Result "0-1"]
[WhiteTitle "WGM"]
[BlackTitle "WGM"]
[WhiteElo "2399"]
[BlackElo "2316"]
[WhiteTeam "CHN"]
[BlackTeam "USA"]
[WhiteFideId "8604070"]
[BlackFideId "13301918"]
[EventDate "2013.07.25"]

1. e4 e6 2. d4 d5 3. Nc3 Bb4 4. e5 Ne7 5. a3 Bxc3+ 6. bxc3 c5 7. h4 Nbc6 8. h5
Qa5 9. Bd2 Qa4 10. h6 cxd4 11. hxg7 Rg8 12. Nf3 Bd7 13. Bd3 Rxg7 14. Kf1 dxc3
15. Bxc3 Ng6 16. Bxg6 Rxg6 17. Rxh7 O-O-O 18. Qe2 Rdg8 19. g3 Ne7 20. Nd4 Nf5
21. Nxf5 exf5 22. Rb1 f4 23. Qd3 fxg3 24. Qxd5 Bc6 25. Qxf7 Qa6+ 26. Kg1 gxf2+
27. Kh2 f1=N+ 28. Kh3 Bg2+ 29. Kh4 Rg4+ 0-1

[Event "Yinzhou Cup CHN-USA Rapid"]
[Site "Ningbo CHN"]
[Date "2013.07.27"]
[Round "10.2"]
[White "Ding, Yixin"]
[Black "Foisor, Sabina-Francesca"]
[Result "1/2-1/2"]
[WhiteTitle "WGM"]
[BlackTitle "WGM"]
[WhiteElo "2432"]
[BlackElo "2281"]
[WhiteTeam "CHN"]
[BlackTeam "USA"]
[WhiteFideId "8602972"]
[BlackFideId "1212915"]
[EventDate "2013.07.25"]

1. e4 e6 2. d4 d5 3. Nc3 Bb4 4. Qg4 Nf6 5. Qxg7 Rg8 6. Qh6 Rg6 7. Qe3 Nxe4 8.
Ne2 c5 9. a3 Bxc3+ 10. Nxc3 Nxc3 11. Qxc3 cxd4 12. Qxd4 Nc6 13. Qh8+ Kd7 14.
Qxd8+ Kxd8 15. g3 e5 16. c3 Be6 17. Be3 Kc7 18. Bg2 f5 19. f4 d4 20. cxd4 exd4
21. Bxc6 dxe3 22. Bf3 Bd7 23. Ke2 Re6 24. Rhc1+ Kb6 25. a4 Rae8 26. Rc3 Ka6 27.
Raa3 Rb6 28. Rcb3 Rxb3 29. Rxb3 Bxa4 30. Bxb7+ Ka5 31. Rxe3 Rb8 32. Re7 Kb6 33.
Bg2 Kc5 34. Rxa7 Rxb2+ 35. Ke3 Rb3+ 36. Kd2 Rb2+ 37. Kc3 Rb3+ 38. Kd2 Rb2+ 39.
Ke3 Rb3+ 40. Kf2 Rb2+ 41. Kg1 Rb1+ 42. Kf2 Rb2+ 43. Kg1 Rb1+ 44. Kf2 1/2-1/2

[Event "Yinzhou Cup CHN-USA Rapid"]
[Site "Ningbo CHN"]
[Date "2013.07.27"]
[Round "10.3"]
[White "Zenyuk, Iryna"]
[Black "Tan, Zhongyi"]
[Result "1/2-1/2"]
[WhiteTitle "CM"]
[BlackTitle "WGM"]
[WhiteElo "2250"]
[BlackElo "2478"]
[WhiteTeam "USA"]
[BlackTeam "CHN"]
[WhiteFideId "2022966"]
[BlackFideId "8603642"]
[EventDate "2013.07.25"]

1. d4 Nf6 2. c4 e6 3. Nc3 Bb4 4. e3 O-O 5. Bd3 Bxc3+ 6. bxc3 c5 7. Nf3 d6 8. O-O
b6 9. e4 Nc6 10. d5 Na5 11. Bg5 e5 12. Nd2 h6 13. Bh4 g5 14. Bg3 Qe8 15. h4 Kg7
16. hxg5 hxg5 17. Nf3 Nh7 18. Qd2 f6 19. Qd1 Rh8 20. Nd2 Nf8 21. Be2 Qg6 22. Bg4
Qh7 23. f3 Bxg4 24. fxg4 Ng6 25. Kf2 Nf4 26. Bxf4 gxf4 27. Rh1 Qg6 28. Qf3 Rh6
29. Rxh6 Qxh6 30. Qh3 Qg6 31. Rh1 Rf8 32. a4 Rd8 33. g3 fxg3+ 34. Kxg3 Rg8 35.
Qh5 Qg5 36. Qh7+ Kf8 37. Qh6+ Qxh6 38. Rxh6 Kg7 39. g5 Rf8 40. Rxf6 Rxf6 41.
gxf6+ Kxf6 42. Kg4 Kg6 43. Kh4 Nb7 44. Nf1 Na5 45. Nd2 Nb7 46. Nf1 Na5 47. Ne3
Kf6 48. Kg4 Ke7 49. Kf3 Kf6 50. Ke2 Ke7 1/2-1/2